[Event "Lliga Catalana DH "]
[Site "Barcelona"]
[Date "2018.03.10"]
[Round "8.2"]
[White "Arenas Vanegas, David"]
[Black "Ootes, Lars"]
[Result "0-1"]
[WhiteElo "2495"]
[BlackElo "2384"]
[PlyCount "48"]
[EventDate "2018.??.??"]
[SourceDate "2018.01.21"]
[WhiteTeam "MLL"]
[BlackTeam "TPE"]

1. d4 d6 2. c4 g6 3. Nc3 Bg7 4. g3 f5 5. e4 fxe4 6. Nxe4 d5 7. Nc3 Nc6 8. cxd5
Nxd4 9. Be3 e5 10. Bg2 Ne7 11. h4 Bf5 12. Rc1 Qd7 13. Nge2 Bg4 14. Qd3 Nf3+ 15.
Kf1 O-O 16. Bc5 Rf7 17. Ne4 Nxd5 18. Ng5 e4 19. Nxe4 Re8 20. Rd1 Rxe4 21. Qxd5
Qe8 22. Be3 Rxe3 23. fxe3 Qxe3 24. Nf4 Bd4 0-1

[Event "Lliga Catalana DH "]
[Site "Barcelona"]
[Date "2018.03.10"]
[Round "8.1"]
[White "Cruz Sanchez, Jonatan Esteban"]
[Black "Demuth, Adrien"]
[Result "1/2-1/2"]
[WhiteElo "2477"]
[BlackElo "2528"]
[PlyCount "29"]
[EventDate "2018.??.??"]
[SourceDate "2018.01.21"]
[WhiteTeam "TPE"]
[BlackTeam "MLL"]

1. e4 c5 2. Nf3 Nc6 3. Bc4 e6 4. O-O Nf6 5. Re1 Nxe4 6. Rxe4 d5 7. Bxd5 Qxd5 8.
Nc3 Qd8 9. d4 Be7 10. Bf4 cxd4 11. Nb5 O-O 12. Nc7 Rb8 13. Nb5 Ra8 14. Nc7 Rb8
15. Nb5 1/2-1/2

[Event "Lliga Catalana DH "]
[Site "Barcelona"]
[Date "2018.03.10"]
[Round "8.5"]
[White "Gonzalez Garcia, Marc"]
[Black "Montilla Carrillo, Esteban"]
[Result "1-0"]
[WhiteElo "2338"]
[BlackElo "2315"]
[PlyCount "98"]
[EventDate "2018.??.??"]
[SourceDate "2018.01.21"]
[WhiteTeam "TPE"]
[BlackTeam "MLL"]

1. d4 d5 2. c4 e6 3. Nc3 c6 4. Qc2 f5 5. Bf4 Nf6 6. e3 Be7 7. h3 Ne4 8. Nf3 Nd7
9. Bd3 Ndf6 10. O-O O-O 11. Ne5 Nh5 12. Bh2 g5 13. Ne2 Qe8 14. f3 Nd6 15. g4
Ng7 16. c5 Nf7 17. b4 Nxe5 18. dxe5 Bd7 19. a4 a6 20. Nd4 Kh8 21. Rab1 Rc8 22.
Kg2 h5 23. Qe2 Qg6 24. Bg3 Qh6 25. Rh1 h4 26. Bh2 Rf7 27. Rhf1 Rcf8 28. Rbc1
Rc8 29. Bg1 Rff8 30. Bf2 Be8 31. Be1 Bg6 32. Bc3 fxg4 33. fxg4 Qh7 34. Bxg6
Qxg6 35. Qc2 Qxc2+ 36. Rxc2 Rxf1 37. Kxf1 a5 38. Rb2 Rc7 39. Nb3 axb4 40. Bxb4
Rd7 41. Ba5 Kg8 42. Bb6 Bf8 43. Nd4 Be7 44. Ke2 Bf8 45. a5 Kf7 46. Ra2 Ne8 47.
a6 bxa6 48. Rxa6 Bg7 49. Nxc6 Rb7 1-0

[Event "Lliga Catalana DH "]
[Site "Barcelona"]
[Date "2018.03.10"]
[Round "8.8"]
[White "Ronce, Nathan"]
[Black "Leiro Giralt, Daniel"]
[Result "1/2-1/2"]
[WhiteElo "2178"]
[BlackElo "2285"]
[PlyCount "38"]
[EventDate "2018.??.??"]
[SourceDate "2018.01.21"]
[WhiteTeam "MLL"]
[BlackTeam "TPE"]

1. e4 e5 2. Nf3 Nf6 3. Nxe5 d6 4. Nf3 Nxe4 5. Nc3 Nxc3 6. dxc3 Be7 7. Be3 Nc6
8. Qd2 Be6 9. O-O-O Bxa2 10. b3 a5 11. Kb2 a4 12. Ra1 axb3 13. cxb3 Bxb3 14.
Rxa8 Qxa8 15. Kxb3 Qa1 16. Qb2 Qd1+ 17. Qc2 Qa1 18. Qb2 Qd1+ 19. Qc2 Qa1
1/2-1/2

[Event "Lliga Catalana DH "]
[Site "Barcelona"]
[Date "2018.03.10"]
[Round "8.3"]
[White "Cruz Estrada, Filemon"]
[Black "Garriga Cazorla, Pere"]
[Result "0-1"]
[WhiteElo "2384"]
[BlackElo "2469"]
[PlyCount "118"]
[EventDate "2018.??.??"]
[SourceDate "2018.01.21"]
[WhiteTeam "TPE"]
[BlackTeam "MLL"]

1. d4 Nf6 2. Nf3 e6 3. e3 b6 4. Bd3 Bb7 5. Nbd2 c5 6. O-O Be7 7. b3 O-O 8. Bb2
Nc6 9. a3 d5 10. Qe2 a6 11. Rfd1 Qc7 12. Rac1 Rfd8 13. h3 cxd4 14. exd4 b5 15.
Ra1 b4 16. a4 a5 17. Ne5 Nxe5 18. dxe5 Nd7 19. Nf3 Nc5 20. Nd4 Rac8 21. Nb5 Qb8
22. Qg4 g6 23. Nd6 Rc7 24. h4 Bf8 25. h5 Bg7 26. hxg6 hxg6 27. Bd4 Rc6 28. Bb5
Rcxd6 29. exd6 Qxd6 30. Bxg7 Kxg7 31. Bf1 e5 32. g3 f5 33. Qe2 d4 34. Bg2 Ba6
35. Qe1 e4 36. Qd2 Qe5 37. Rac1 Ne6 38. Qe1 Rc8 39. Rd2 Rc3 40. Rcd1 Qc5 41. g4
Qe5 42. gxf5 gxf5 43. Bf1 Bxf1 44. Qxf1 Rc8 45. f3 e3 46. Rh2 Rg8 47. Kh1 Qf4
48. Qh3 Kf6 49. Rg1 Rxg1+ 50. Kxg1 Ke7 51. Qh8 Qg3+ 52. Rg2 Qxf3 53. Qe5 Kf7
54. Qh8 e2 55. Qh7+ Kf6 56. Qh8+ Ke7 57. Qh7+ Kd6 58. Qh2+ Kd5 59. Rxe2 Nf4 0-1

[Event "Lliga Catalana DH "]
[Site "Barcelona"]
[Date "2018.03.10"]
[Round "8.7"]
[White "Gallart Zafra, Jaume"]
[Black "Morros Faura, Ricard"]
[Result "1-0"]
[WhiteElo "2298"]
[BlackElo "2337"]
[PlyCount "109"]
[EventDate "2018.??.??"]
[SourceDate "2018.01.21"]
[WhiteTeam "TPE"]
[BlackTeam "MLL"]

1. e4 c5 2. Nf3 Nc6 3. d4 cxd4 4. Nxd4 Nf6 5. Nc3 d6 6. g3 g6 7. Bg2 Nxd4 8.
Qxd4 Bg7 9. Bg5 h6 10. Be3 O-O 11. Qd2 Ng4 12. Bd4 e5 13. Be3 Nxe3 14. fxe3 Be6
15. O-O Qb6 16. b3 Rac8 17. Na4 Qa6 18. c4 Bxc4 19. Rfd1 Rfd8 20. Rac1 Bf8 21.
Rxc4 Rxc4 22. Bf1 b5 23. bxc4 Qxa4 24. cxb5 Qxe4 25. Bg2 Qa4 26. Qe2 Rc8 27.
Bd5 Kg7 28. Bb3 Qe4 29. Qd3 Qxd3 30. Rxd3 f5 31. Bd5 Kf6 32. Ra3 Rc7 33. Ra6 e4
34. Rc6 Rg7 35. Rc8 Be7 36. a4 Ke5 37. Ba8 d5 38. a5 Bd6 39. b6 axb6 40. axb6
Ke6 41. b7 Kd7 42. b8=Q Bxb8 43. Rxb8 Ke6 44. Rd8 Ra7 45. Bxd5+ Kf6 46. Ra8 Rd7
47. Ra5 Rc7 48. Ra6+ Kg5 49. Bc6 Rc8 50. Kg2 Kg4 51. Ba4 Rd8 52. Rxg6+ Kh5 53.
Rg7 f4 54. Kh3 fxg3 55. hxg3 1-0

[Event "Lliga Catalana DH "]
[Site "Barcelona ESP"]
[Date "2018.03.10"]
[Round "8.9"]
[White "Prat Llabres, Joan"]
[Black "Fernandez Lozano, Francesc"]
[Result "1/2-1/2"]
[WhiteElo "2259"]
[BlackElo "2180"]
[PlyCount "79"]
[EventDate "2018.03.10"]
[SourceDate "2018.01.21"]
[WhiteTeam "TPE"]
[BlackTeam "MLL"]

1. e4 d5 2. exd5 Qxd5 3. Nc3 Qd6 4. d4 Nf6 5. Bc4 a6 6. Nge2 b5 7. Bb3 Bb7 8.
Bf4 Qd8 9. O-O g6 10. Re1 Bg7 11. Qd2 O-O 12. Rad1 Nbd7 13. Ng3 Nb6 14. Bh6 e6
15. Bxg7 Kxg7 16. Qf4 Qd6 17. Qh4 Rad8 18. Nce4 Bxe4 19. Nxe4 Nxe4 20. Qxe4 c6
21. c3 Rd7 22. h3 Rfd8 23. Qe5+ Qxe5 24. Rxe5 Rd6 25. Kf1 a5 26. a3 Nd7 27.
Ree1 Kf6 28. Ke2 Nb6 29. Rd3 Nc4 30. Bxc4 bxc4 31. Rd2 Rb8 32. Kd1 Rb5 33. Kc1
h5 34. Kc2 g5 35. Re4 Rf5 36. Rde2 h4 37. Kc1 Rdd5 38. Kc2 Kg6 39. Kc1 Kf6 40.
Kc2 1/2-1/2

[Event "Lliga Catalana DH "]
[Site "Barcelona"]
[Date "2018.03.10"]
[Round "8.10"]
[White "De Seroux Fouquet, Camille"]
[Black "Aranda Flores, Jordi"]
[Result "0-1"]
[WhiteElo "2111"]
[BlackElo "2254"]
[PlyCount "72"]
[EventDate "2018.??.??"]
[SourceDate "2018.01.21"]
[WhiteTeam "MLL"]
[BlackTeam "TPE"]

1. e4 d6 2. d4 g6 3. Nc3 Bg7 4. f4 Nf6 5. a3 O-O 6. Nf3 a6 7. Be3 b5 8. Bd3 Bb7
9. Qe2 Nbd7 10. e5 Nd5 11. Nxd5 Bxd5 12. O-O c5 13. c3 Qc7 14. Rac1 Nb6 15.
dxc5 dxc5 16. Nd2 c4 17. Be4 Rad8 18. Bd4 Qc6 19. Rce1 Na4 20. Bxd5 Rxd5 21.
Ne4 Rfd8 22. Qf2 f5 23. exf6 exf6 24. Qh4 Rxd4 25. cxd4 Rxd4 26. Nc3 Nc5 27.
Re2 Nd3 28. Rf3 a5 29. Rfe3 Rd8 30. Re7 Qc5+ 31. Kh1 b4 32. axb4 axb4 33. Nd1
c3 34. Qh3 Nxf4 35. Re8+ Bf8 36. Qe3 Rxd1+ 0-1

[Event "Lliga Catalana DH "]
[Site "Barcelona"]
[Date "2018.03.10"]
[Round "8.6"]
[White "Perales Galindo, Eduard"]
[Black "Gonzalez Verges, Alex"]
[Result "0-1"]
[WhiteElo "2323"]
[BlackElo "2312"]
[PlyCount "48"]
[EventDate "2018.??.??"]
[SourceDate "2018.01.21"]
[WhiteTeam "MLL"]
[BlackTeam "TPE"]

1. e4 c5 2. Nf3 d6 3. d4 cxd4 4. Nxd4 Nf6 5. Nc3 a6 6. Bg5 e6 7. Qf3 h6 8. Be3
Nbd7 9. Be2 Qc7 10. a4 b6 11. O-O Bb7 12. Qh3 Be7 13. Rad1 Ne5 14. f4 Nc4 15.
Bc1 Rc8 16. Nxe6 fxe6 17. Qxe6 Qc5+ 18. Kh1 Rc7 19. e5 dxe5 20. fxe5 Nxe5 21.
Rxf6 gxf6 22. Nd5 Bxd5 23. Bh5+ Kf8 24. Rxd5 Rc6 0-1

[Event "Lliga Catalana DH "]
[Site "Barcelona"]
[Date "2018.03.10"]
[Round "8.4"]
[White "Fernandez Diaz, Cristian"]
[Black "Boix Moreno, Daniel"]
[Result "0-1"]
[WhiteElo "2349"]
[BlackElo "2328"]
[PlyCount "118"]
[EventDate "2018.??.??"]
[SourceDate "2018.01.21"]
[WhiteTeam "MLL"]
[BlackTeam "TPE"]

1. d4 Nf6 2. c4 g6 3. Nc3 d5 4. cxd5 Nxd5 5. Bd2 Bg7 6. e4 Nb6 7. Be3 O-O 8. h3
e5 9. Nf3 exd4 10. Bxd4 Qe7 11. Bxg7 Kxg7 12. Be2 Nc6 13. O-O Rd8 14. Qc2 Nb4
15. Qb1 c5 16. a3 Nc6 17. Bb5 Nd4 18. Nxd4 cxd4 19. Ne2 Bxh3 20. Bd3 Qg5 21.
Ng3 Be6 22. Qe1 Qf4 23. Ne2 Qd6 24. f4 Bc4 25. Rd1 Bb3 26. Rc1 Rac8 27. Qg3 Nc4
28. e5 Qd5 29. Qh3 Ne3 30. Rxc8 Rxc8 31. Rf3 Rc6 32. Ng3 Bc2 33. Ne4 Bxd3 34.
Nf6 Rxf6 35. exf6+ Kxf6 36. Qxh7 Be4 37. Qh4+ Ke6 38. Rf2 Qc4 39. f5+ gxf5 40.
Rf4 Qc1+ 41. Kh2 Ng4+ 42. Rxg4 fxg4 43. Qxg4+ f5 44. Qg6+ Kd7 45. Qg7+ Kc6 46.
Qxd4 Qf4+ 47. Kg1 b6 48. Qg7 Qc7 49. Qh8 Kb7 50. b4 Qd7 51. Qe5 Bc6 52. Qf4
Qd1+ 53. Kh2 Qg4 54. Qd2 f4 55. a4 f3 56. g3 Bxa4 57. Qd5+ Bc6 58. Qf7+ Qd7 59.
Qa2 Qh7+ 0-1

[Event "Lliga Catalana DH "]
[Site "Barcelona"]
[Date "2018.03.17"]
[Round "9.1"]
[White "Movsziszian, Karen"]
[Black "Vasquez Schroeder, Rodrigo"]
[Result "1/2-1/2"]
[WhiteElo "2562"]
[BlackElo "2549"]
[PlyCount "56"]
[EventDate "1988.??.??"]
[SourceDate "2015.07.10"]
[WhiteTeam "SAN"]
[BlackTeam "CCS"]

1. g3 d5 2. Nf3 g6 3. Bg2 Bg7 4. d4 Nf6 5. c4 dxc4 6. Na3 c3 7. bxc3 O-O 8. O-O
c5 9. e3 Nc6 10. Qe2 Bf5 11. Rd1 Qb6 12. Bb2 Be4 13. Nc4 Qa6 14. Bf1 cxd4 15.
cxd4 Na5 16. Nfd2 Bc6 17. Ne5 Qxe2 18. Bxe2 Ba4 19. Rdc1 Rfc8 20. Bf3 Nd7 21.
Nec4 Nxc4 22. Nxc4 Bc6 23. Bxc6 bxc6 24. Rc2 c5 25. d5 Bxb2 26. Rxb2 Nf6 27.
Rd1 Rab8 28. Rc2 Rd8 1/2-1/2

[Event "Lliga Catalana DH "]
[Site "Barcelona"]
[Date "2018.03.17"]
[Round "9.2"]
[White "Gonzalez Garcia, Jose"]
[Black "Muñoz, Miguel"]
[Result "1/2-1/2"]
[WhiteElo "2565"]
[BlackElo "2525"]
[PlyCount "53"]
[EventDate "1988.??.??"]
[SourceDate "2015.07.10"]
[WhiteTeam "CCS"]
[BlackTeam "SAN"]

1. d4 Nf6 2. c4 c5 3. d5 g6 4. Nc3 Bg7 5. e4 O-O 6. Bd3 d6 7. Nf3 Bg4 8. h3
Bxf3 9. Qxf3 e6 10. O-O exd5 11. exd5 Nbd7 12. Qd1 Ne8 13. Bd2 f5 14. f4 a6 15.
a4 Nc7 16. a5 Rb8 17. Ra3 Qh4 18. Qf3 g5 19. Ne2 gxf4 20. Bxf4 Bxb2 21. Bxd6
Bxa3 22. Bxc7 Rbe8 23. Nf4 Ne5 24. Qe2 Nxd3 25. Qxd3 Bb4 26. Ne6 Rf7 27. Bb6
1/2-1/2

[Event "Lliga Catalana DH "]
[Site "Barcelona"]
[Date "2018.03.17"]
[Round "9.3"]
[White "Dominguez Pons, Eric"]
[Black "Comas Fabrego, Lluis"]
[Result "0-1"]
[WhiteElo "2447"]
[BlackElo "2556"]
[PlyCount "108"]
[EventDate "1988.??.??"]
[SourceDate "2015.07.10"]
[WhiteTeam "SAN"]
[BlackTeam "CCS"]

1. d4 Nf6 2. Bg5 e6 3. e4 h6 4. Bxf6 Qxf6 5. c3 d6 6. Bd3 g6 7. Ne2 Bg7 8. O-O
Qe7 9. f4 e5 10. f5 O-O 11. fxg6 fxg6 12. Qb3+ Kh8 13. Rxf8+ Bxf8 14. Nd2 Nc6
15. Rf1 Nd8 16. Nf3 Bg7 17. Ng3 Bf6 18. Bc4 Bg4 19. Qd1 Be6 20. d5 Bd7 21. Be2
Kg7 22. Qb3 a6 23. a4 Bc8 24. Rf2 Nf7 25. Nf1 a5 26. g3 b6 27. Ne3 Ng5 28. Nxg5
Bxg5 29. Ng2 Bh3 30. Qd1 h5 31. Qd3 Rf8 32. Rxf8 Qxf8 33. Qf3 Qxf3 34. Bxf3 Bc1
35. b3 Bb2 36. c4 Bd4+ 37. Kh1 Bf2 38. Nh4 Bf1 39. Bd1 Kf6 40. Bc2 Be3 41. Ng2
Bf2 42. Nh4 Bh3 43. Bd3 Bc5 44. Be2 Bf2 45. Nf3 Be3 46. Ng1 Bxg1 47. Kxg1 Kg5
48. Kf2 h4 49. Bf3 Bg4 50. Kg2 hxg3 51. hxg3 Bxf3+ 52. Kxf3 Kh5 53. Kf2 Kg4 54.
Kg2 g5 0-1

[Event "Lliga Catalana DH "]
[Site "Barcelona"]
[Date "2018.03.17"]
[Round "9.4"]
[White "Diaz Camallonga, Carles"]
[Black "Akbarinia, Sayed Arash"]
[Result "1/2-1/2"]
[WhiteElo "2489"]
[BlackElo "2387"]
[PlyCount "146"]
[EventDate "1988.??.??"]
[SourceDate "2015.07.10"]
[WhiteTeam "CCS"]
[BlackTeam "SAN"]

1. e4 c6 2. Nc3 d5 3. Nf3 dxe4 4. Nxe4 g6 5. Bc4 Bg7 6. O-O Nh6 7. d4 O-O 8.
Qe2 Nd7 9. c3 Nf5 10. Re1 h6 11. Ng3 e6 12. Nxf5 exf5 13. Bb3 Nf6 14. Ne5 Nd5
15. Bd2 Bd7 16. Qf3 Bc8 17. Re2 Qd6 18. Rae1 g5 19. Bc2 Qf6 20. c4 Nc7 21. Bc3
g4 22. Qd3 Ne6 23. Rd2 Nf4 24. Qe3 Qg5 25. Nd3 Ng6 26. Qxg5 hxg5 27. d5 Bxc3
28. bxc3 Rd8 29. Bb3 Kg7 30. g3 Kf6 31. Rde2 cxd5 32. cxd5 b6 33. Ne5 Nxe5 34.
Rxe5 Bd7 35. Re7 Re8 36. d6 Rxe7 37. Rxe7 Be6 38. Rc7 Rd8 39. Rxa7 Rxd6 40. Kf1
Ke5 41. Ke2 f4 42. Ra4 Bd7 43. Rb4 f5 44. Bc2 Rh6 45. Bd3 Rxh2 46. Kf1 Rh6 47.
a4 Rh1+ 48. Ke2 Rh6 49. Bb5 Bc8 50. Bd3 Rc6 51. Kd2 Rd6 52. Kc2 fxg3 53. fxg3
Bd7 54. Kd2 Rh6 55. Ke2 Bc6 56. Kf1 Rd6 57. Be2 Bf3 58. Ke1 Rc6 59. Bd3 Rxc3
60. Kd2 Rc6 61. Rb5+ Bd5 62. Bxf5 Kxf5 63. Rxd5+ Ke4 64. Rd3 Rh6 65. Rb3 Rh2+
66. Ke1 Ra2 67. Kf1 Rxa4 68. Rxb6 Ra1+ 69. Kf2 Ra2+ 70. Kf1 Rd2 71. Rf6 Ke3 72.
Kg1 Rd3 73. Kg2 Ke4 1/2-1/2

[Event "Lliga Catalana DH "]
[Site "Barcelona"]
[Date "2018.03.17"]
[Round "9.5"]
[White "Colon Garcia, Enrique"]
[Black "Romero Holmes, Alfonso"]
[Result "1/2-1/2"]
[WhiteElo "2406"]
[BlackElo "2533"]
[PlyCount "26"]
[EventDate "1988.??.??"]
[SourceDate "2015.07.10"]
[WhiteTeam "SAN"]
[BlackTeam "CCS"]

1. e4 c6 2. Nc3 d5 3. Nf3 dxe4 4. Nxe4 Nf6 5. Ng3 h5 6. Bc4 h4 7. Ne2 e6 8. h3
b5 9. Bb3 c5 10. c4 a6 11. a4 bxc4 12. Bxc4 Bb7 13. Nf4 Nc6 1/2-1/2

[Event "Lliga Catalana DH "]
[Site "Barcelona"]
[Date "2018.03.17"]
[Round "9.6"]
[White "Lorenzo de la Riva, Lazaro"]
[Black "Subirats Ruiz, Sergi"]
[Result "1/2-1/2"]
[WhiteElo "2449"]
[BlackElo "2284"]
[PlyCount "112"]
[EventDate "1988.??.??"]
[SourceDate "2015.07.10"]
[WhiteTeam "CCS"]
[BlackTeam "SAN"]

1. d4 Nf6 2. Bf4 g6 3. Nf3 Bg7 4. e3 b6 5. Be2 Bb7 6. O-O O-O 7. c4 d6 8. Nc3
Ne4 9. Nxe4 Bxe4 10. Nd2 Bb7 11. Bf3 Nc6 12. h3 e5 13. dxe5 dxe5 14. Bh2 Na5
15. Bxb7 Nxb7 16. Nb3 a5 17. Qf3 Qc8 18. a4 Rd8 19. Rfd1 Rb8 20. Rd5 Qe6 21.
Rxd8+ Rxd8 22. Qxb7 Qxc4 23. Nd2 Rxd2 24. Qb8+ Bf8 25. Bxe5 Qe2 26. Rf1 Rd1 27.
Rxd1 Qxd1+ 28. Kh2 Qxa4 29. Bxc7 Qc6 30. f4 a4 31. Bxb6 Qb5 32. Qd8 h5 33. Bd4
Qc6 34. Bc3 Qd6 35. Qa5 Qc5 36. Qxa4 Qxe3 37. Qd4 Qxd4 38. Bxd4 f5 39. g4 hxg4
40. hxg4 Kf7 41. gxf5 gxf5 42. Kg3 Ke6 43. Kh4 Bd6 44. Kg5 Kd5 45. Bg1 Ke4 46.
Bh2 Bc5 47. b3 Bd6 48. Bg3 Kd3 49. Be1 Ke4 50. Bd2 Kd3 51. Be1 Ke4 52. Bd2 Kd3
53. Kxf5 Kxd2 54. Ke4 Bxf4 55. Kxf4 Kc3 56. b4 Kxb4 1/2-1/2

[Event "Lliga Catalana DH "]
[Site "Barcelona"]
[Date "2018.03.17"]
[Round "9.7"]
[White "Delisau Gil, Oriol"]
[Black "Perpinya Rofes, Lluis Maria"]
[Result "1-0"]
[WhiteElo "2268"]
[BlackElo "2445"]
[PlyCount "71"]
[EventDate "1988.??.??"]
[SourceDate "2015.07.10"]
[WhiteTeam "SAN"]
[BlackTeam "CCS"]

1. d4 Nf6 2. c4 g6 3. Nc3 Bg7 4. e4 d6 5. Nf3 O-O 6. Be2 Na6 7. O-O e5 8. Be3
c6 9. Rb1 Qe7 10. d5 Ng4 11. Bg5 f6 12. Bh4 c5 13. Ne1 Nh6 14. a3 Nc7 15. b4 b6
16. bxc5 bxc5 17. Nd3 Nf7 18. f3 Bh6 19. Bf2 f5 20. Rb2 Ne8 21. Qa4 Nf6 22.
Rfb1 Ng5 23. h4 Nf7 24. Rb8 Rxb8 25. Rxb8 Qc7 26. Ra8 Qb6 27. Qxa7 Qb3 28. Be1
Be3+ 29. Kh1 Bd4 30. Rb8 Qc2 31. Rb2 Qxc3 32. Bxc3 Bxc3 33. Rb8 fxe4 34. Nf2 e3
35. Ne4 Nxe4 36. fxe4 1-0

[Event "Lliga Catalana DH "]
[Site "Barcelona"]
[Date "2018.03.17"]
[Round "9.8"]
[White "Rahal, Michael"]
[Black "Pueyo Burrell, David"]
[Result "1-0"]
[WhiteElo "2426"]
[BlackElo "2219"]
[PlyCount "61"]
[EventDate "1988.??.??"]
[SourceDate "2015.07.10"]
[WhiteTeam "CCS"]
[BlackTeam "SAN"]

1. e4 g6 2. d4 Bg7 3. Nc3 c6 4. Bc4 b5 5. Bb3 d6 6. Nf3 a5 7. a4 b4 8. Ne2 Nf6
9. e5 Ne4 10. Ng3 Nxg3 11. hxg3 dxe5 12. Bh6 Bxh6 13. Rxh6 exd4 14. Ne5 e6 15.
Qf3 Qc7 16. Qf6 Rf8 17. Rxh7 Nd7 18. Nxd7 Qxd7 19. O-O-O c5 20. Re1 Qe7 21. Qf4
Bd7 22. Bc4 Kd8 23. b3 Rc8 24. g4 Rc6 25. g5 Qd6 26. Re5 Be8 27. g3 Rb6 28.
Qf6+ Kc8 29. f4 d3 30. Bxd3 Qd4 31. Qe7 1-0

[Event "Lliga Catalana DH "]
[Site "Barcelona"]
[Date "2018.03.17"]
[Round "9.9"]
[White "Garcia Lopez, Nicolas"]
[Black "Bofill Mas, Alexandre"]
[Result "1-0"]
[WhiteElo "2200"]
[BlackElo "2412"]
[PlyCount "83"]
[EventDate "1988.??.??"]
[SourceDate "2015.07.10"]
[WhiteTeam "SAN"]
[BlackTeam "CCS"]

1. e4 c5 2. g3 d5 3. exd5 Qxd5 4. Nf3 Bg4 5. Bg2 Qe6+ 6. Kf1 Nc6 7. h3 Bh5 8.
d3 Qd7 9. Nbd2 e5 10. Ne4 f5 11. Nc3 O-O-O 12. Qe1 Re8 13. Be3 Nf6 14. a3 Kb8
15. Na4 Nd4 16. Bxd4 exd4 17. Qa5 Qc7 18. b4 Qxa5 19. bxa5 Bf7 20. Nd2 Bd5 21.
Nb2 Bd6 22. Nbc4 Kc7 23. Rb1 Rb8 24. Bf3 Bxf3 25. Nxf3 Rhe8 26. Kg2 Re2 27.
Rhc1 Nd5 28. Ng1 Re7 29. Re1 b5 30. axb6+ axb6 31. Rxe7+ Bxe7 32. Re1 b5 33.
Nd2 Bd6 34. Ngf3 Ra8 35. Ra1 Nc3 36. Ng5 Kd7 37. Nxh7 Rh8 38. Ng5 c4 39. Ngf3
b4 40. Nxc4 bxa3 41. Nxd4 g6 42. Nxd6 1-0

[Event "Lliga Catalana DH "]
[Site "Barcelona"]
[Date "2018.03.17"]
[Round "9.10"]
[White "Ayas Fernandez, Antonio"]
[Black "Travesset Barba, Joaquim"]
[Result "1-0"]
[WhiteElo "2351"]
[BlackElo "2174"]
[PlyCount "81"]
[EventDate "1988.??.??"]
[SourceDate "2015.07.10"]
[WhiteTeam "SAN"]
[BlackTeam "CCS"]

1. e4 d5 2. exd5 Nf6 3. Bb5+ Bd7 4. Bc4 Bg4 5. f3 Bf5 6. Nc3 Nbd7 7. Nge2 Nb6
8. Bb3 Nfxd5 9. d4 e6 10. O-O a5 11. Nxd5 exd5 12. Ng3 Be6 13. c3 h5 14. Bc2 h4
15. Ne2 Bd6 16. Nf4 Qf6 17. Nxe6 fxe6 18. f4 O-O-O 19. b3 c6 20. Be3 Bc7 21.
Qg4 Rde8 22. Rae1 Kb8 23. Bc1 Nc8 24. Re2 Rhf8 25. Bg6 Re7 26. g3 hxg3 27. hxg3
c5 28. Rfe1 e5 29. fxe5 Qf3 30. Qxf3 Rxf3 31. Re3 Rxe3 32. Bxe3 cxd4 33. cxd4
Bb6 34. Kf2 Na7 35. Ke2 Nb5 36. Kd3 Rc7 37. a4 Rc3+ 38. Kd2 Rxb3 39. axb5 Rxb5
40. e6 Bd8 41. Bf4+ 1-0

[Event "Lliga Catalana DH "]
[Site "CERDANYOLA DEL VALLÈS"]
[Date "2018.03.17"]
[Round "9.1"]
[White "Guerra Mendez, Jose Angel"]
[Black "Exposito Amaro, Josue"]
[Result "1-0"]
[WhiteElo "2544"]
[BlackElo "2415"]
[PlyCount "49"]
[EventDate "2018.??.??"]
[SourceDate "2015.07.10"]
[WhiteTeam "PEC"]
[BlackTeam "PIP"]

1. e4 d5 2. exd5 Nf6 3. d4 Nxd5 4. Nf3 Bg4 5. Be2 Nc6 6. O-O e6 7. c3 Be7 8.
Re1 O-O 9. Nbd2 Re8 10. Ne4 Bh5 11. Ne5 Bxe2 12. Qxe2 Nxe5 13. dxe5 Qd7 14. Qg4
Kh8 15. Ng5 Bxg5 16. Bxg5 f5 17. exf6 gxf6 18. Bh4 Qg7 19. Qf3 f5 20. Bg3 Kg8
21. Be5 Qg5 22. c4 Nb4 23. Qc3 c5 24. Re3 f4 25. Bxf4 1-0

[Event "Lliga Catalana DH "]
[Site "CERDANYOLA DEL VALLÈS"]
[Date "2018.03.17"]
[Round "9.2"]
[White "Cervello Tost, Ferran"]
[Black "Gual Pascual, Antonio"]
[Result "0-1"]
[WhiteElo "2355"]
[BlackElo "2485"]
[PlyCount "84"]
[EventDate "2018.??.??"]
[SourceDate "2015.07.10"]
[WhiteTeam "PIP"]
[BlackTeam "PEC"]

1. d4 g6 2. Nf3 Bg7 3. g3 d6 4. Bg2 Nd7 5. O-O e5 6. c4 exd4 7. Nxd4 Ne7 8. Nc3
O-O 9. e3 Nb6 10. b3 d5 11. cxd5 Nexd5 12. Nxd5 Nxd5 13. Ba3 Re8 14. Rc1 c6 15.
Rxc6 Nxe3 16. fxe3 bxc6 17. Nxc6 Qxd1 18. Ne7+ Kh8 19. Rxd1 Bg4 20. Rc1 Rad8
21. Bc6 Bd7 22. Bd5 Bf6 23. Bxf7 Rxe7 24. Bxe7 Bxe7 25. Rc7 Bg5 26. e4 Bh3 27.
Bd5 Rf8 28. Rf7 Be3+ 29. Kh1 Rxf7 30. Bxf7 Kg7 31. Bd5 Kf6 32. b4 Ke5 33. b5
Bb6 34. Bc6 g5 35. a4 h5 36. Bb7 Bf1 37. h4 gxh4 38. gxh4 Bd3 39. Kh2 Bxe4 40.
Bc8 Kf4 41. Bd7 Bc2 42. Be8 Kg4 0-1

[Event "Lliga Catalana DH "]
[Site "CERDANYOLA DEL VALLÈS"]
[Date "2018.03.17"]
[Round "9.3"]
[White "Djuric, Stefan"]
[Black "Povill Claros, Xavier"]
[Result "1-0"]
[WhiteElo "2470"]
[BlackElo "2345"]
[PlyCount "83"]
[EventDate "2018.??.??"]
[SourceDate "2015.07.10"]
[WhiteTeam "PEC"]
[BlackTeam "PIP"]

1. e4 c6 2. c4 d5 3. exd5 cxd5 4. cxd5 Nf6 5. Nc3 Nxd5 6. Nf3 Nc6 7. Bb5 e6 8.
O-O Be7 9. d4 O-O 10. Re1 Bf6 11. Ne4 Qb6 12. Bxc6 Qxc6 13. Ne5 Qc7 14. Nxf6+
Nxf6 15. Bg5 Nd5 16. Rc1 Qd6 17. Qg4 f6 18. Nc4 Qe7 19. Bd2 Rd8 20. Qf3 b6 21.
Qe4 Re8 22. h4 Bb7 23. a3 Rad8 24. Qg4 Qd7 25. Qg3 Ne7 26. Ne3 Nc6 27. Bc3 Qd6
28. Qg4 Qd7 29. h5 Ne7 30. h6 g6 31. Qg3 Nd5 32. Bd2 Rc8 33. Ng4 Rc6 34. Rxc6
Qxc6 35. Rc1 Qd7 36. Qh4 Qf7 37. Qg3 Rd8 38. Bb4 Rc8 39. Rxc8+ Bxc8 40. Qd6 Qe8
41. a4 Nxb4 42. Nxf6+ 1-0

[Event "Lliga Catalana DH "]
[Site "CERDANYOLA DEL VALLÈS"]
[Date "2018.03.17"]
[Round "9.4"]
[White "Garcia Ramos, Daniel"]
[Black "Alonso Garcia, Rene"]
[Result "1-0"]
[WhiteElo "2336"]
[BlackElo "2424"]
[PlyCount "63"]
[EventDate "2018.??.??"]
[SourceDate "2015.07.10"]
[WhiteTeam "PIP"]
[BlackTeam "PEC"]

1. e4 d6 2. d4 Nf6 3. Nc3 g6 4. Be2 Bg7 5. g4 c5 6. g5 Nfd7 7. d5 Qa5 8. Bd2 h6
9. Nf3 a6 10. a4 Qc7 11. a5 b5 12. axb6 Nxb6 13. gxh6 Bxh6 14. Bxh6 Rxh6 15.
Qd2 Rh8 16. O-O-O N8d7 17. Ng5 Rb8 18. f4 Nf8 19. e5 dxe5 20. fxe5 Qxe5 21.
Rhe1 Qd4 22. Bb5+ axb5 23. Rxe7+ Kd8 24. Re8+ Kd7 25. Qe2 Qf4+ 26. Kb1 Kc7 27.
Qxb5 Kb7 28. Nge4 Bd7 29. Nxc5+ Kc7 30. d6+ Qxd6 31. Na6+ Kb7 32. Rxd6 1-0

[Event "Lliga Catalana DH "]
[Site "CERDANYOLA DEL VALLÈS"]
[Date "2018.03.17"]
[Round "9.5"]
[White "Escandell Mari, Juan Carlos"]
[Black "Perez Garcia, Adria"]
[Result "0-1"]
[WhiteElo "2351"]
[BlackElo "2230"]
[PlyCount "134"]
[EventDate "2018.??.??"]
[SourceDate "2015.07.10"]
[WhiteTeam "PEC"]
[BlackTeam "PIP"]

1. e4 c6 2. Nc3 d5 3. Nf3 Bg4 4. d4 Nf6 5. Bd3 dxe4 6. Nxe4 Nxe4 7. Bxe4 Nd7 8.
h3 Bh5 9. c3 Bg6 10. Bxg6 hxg6 11. Bf4 e6 12. O-O Be7 13. Qd2 O-O 14. Rfe1 Bf6
15. a4 a5 16. Rad1 Qb6 17. Qc2 Rfd8 18. Re2 Rac8 19. Nd2 Be7 20. Nc4 Qa6 21.
Nd6 Bxd6 22. Bxd6 Nb6 23. Bf4 Nxa4 24. c4 Nb6 25. c5 Nd5 26. Bd6 b5 27. h4 Qa7
28. Re5 Nf6 29. Rg5 Ne8 30. Bf4 Qe7 31. h5 Qf6 32. g3 Rd5 33. Rxd5 exd5 34.
hxg6 Qxg6 35. Qd2 a4 36. Re1 Nf6 37. Kg2 Re8 38. Rxe8+ Nxe8 39. Be5 Nf6 40. f3
Nd7 41. Bd6 Qe6 42. Qa5 Qe2+ 43. Kh3 Nf6 44. Qa8+ Kh7 45. Be5 Qxf3 46. Bxf6
Qxf6 47. Kg2 Qe6 48. Kf2 Qf5+ 49. Kg2 Qe6 50. Kf2 Kg6 51. Qb7 f6 52. Qa8 Qf5+
53. Kg2 Qe4+ 54. Kh2 Qe6 55. Qb7 Kh6 56. Qa8 Kg5 57. Qb7 g6 58. Qh7 Qe2+ 59.
Kg1 Qe3+ 60. Kg2 Qxd4 61. Qc7 Qxb2+ 62. Kg1 Qc1+ 63. Kg2 Qc2+ 64. Kf1 Qd3+ 65.
Kf2 Qd4+ 66. Kf1 a3 67. Qxc6 a2 0-1